Pred štartom na strednú školu. Šk. rok 1999/2000 : zoznam stredných škôl v SR... Diel 1. Bratislavský,Trnavský,Trenčiansky a Nitriansky kr.

Bibliographic Details
Other Authors: Kollárová, Emília (Lyricist)
Format: Book
Language:Slovak
PhysicalDescription:125 s.
Published: Bratislava Infopress 1998
ISBN:8085402297
Edition:7. vyd..
Subjects:

MARC

LEADER 00000nam a2200000 a 4500
001 vtls008233801
003 SK-MaSNL
005 20260331204352.0
008 160208s1998 xo 000 0 slo
020 |a 8085402297 
035 |a SVKPOKN045280 
035 |a urn:nbn:sk:snk-amkp0d 
035 |a urn:nbn:sk:snk-am008hgf 
035 |a DA5A2989-D4AD-4E25-BB0D-53898D3F9FCE 
040 |a SNK  |b slo  |c SNK  |e AACR2 
041 0 |a slo  |h slo 
044 |a xo  |c SK 
080 |a 373.5(437.61)(041)  |2 1981 
100 1 |a Kollárová, Emília  |4 lyr  |9 277597 
245 1 0 |a Pred štartom na strednú školu. Šk. rok 1999/2000  |b : zoznam stredných škôl v SR...  |n Diel 1.  |p Bratislavský,Trnavský,Trenčiansky a Nitriansky kr.  |c Emília Kollárová 
250 |a 7. vyd.. 
260 |a Bratislava  |b Infopress  |c 1998 
300 |a 125 s. 
650 0 7 |a stredné školy  |2 SNKPH  |9 1279 
650 0 7 |a prijímacie skúšky  |2 SNKPH  |9 1229 
655 7 |a informačné publikácie  |2 SNKPH  |9 70181 
919 |a 80-85402-29-7 
999 |c 1163663  |d 1165593 
952 |t P60, <03>, [BOOK], {603}  |a SNK  |b SNK  |y PREZ  |7 0  |p 17A0177693  |o snkSC 97665/1  |i snkKSP 630/99  |0 0  |1 0  |4 0  |d 1999-01-22  |f 1  |l 0  |r 2025-09-17 00:00:00  |w 2026-02-24 
952 |t P60, <04>, [BOOK], {604}  |a SNK  |b SNK  |y VYP  |7 0  |p 17A0177694  |o snkSC 97665/1 D1  |i snkKSP 631/99  |0 0  |1 0  |4 0  |d 1999-01-22  |l 0  |r 2005-01-02 00:00:00  |w 2026-02-24